IFM Opac

Problem-solving cases in microsoft access and excel. (Record no. 11618)

MARC details
000 -LEADER
fixed length control field 00554nam a2200205Ia 4500
003 - CONTROL NUMBER IDENTIFIER
control field OSt
005 - DATE AND TIME OF LATEST TRANSACTION
control field 20220826141340.0
008 - FIXED-LENGTH DATA ELEMENTS--GENERAL INFORMATION
fixed length control field 220826b |||||||| |||| 00| 0 eng d
020 ## - INTERNATIONAL STANDARD BOOK NUMBER
International Standard Book Number 0619216972
040 ## - CATALOGING SOURCE
Transcribing agency IFM Library
082 ## - DEWEY DECIMAL CLASSIFICATION NUMBER
Classification number 005.5
100 ## - MAIN ENTRY--PERSONAL NAME
Personal name Brady,Joseph A.
9 (RLIN) 5010
245 ## - TITLE STATEMENT
Title Problem-solving cases in microsoft access and excel.
250 ## - EDITION STATEMENT
Edition statement third edition
260 ## - PUBLICATION, DISTRIBUTION, ETC.
Place of publication, distribution, etc. Australia:
Name of publisher, distributor, etc. Thomson,
Date of publication, distribution, etc. 2005
300 ## - PHYSICAL DESCRIPTION
Extent viii,278p.:
Other physical details ill; 28cm.
650 ## - SUBJECT ADDED ENTRY--TOPICAL TERM
Topical term or geographic name entry element Microsoft Access.
9 (RLIN) 5011
700 ## - ADDED ENTRY--PERSONAL NAME
Personal name Monk, Ellen F.
9 (RLIN) 5219
942 ## - ADDED ENTRY ELEMENTS (KOHA)
Koha item type Books
Source of classification or shelving scheme Dewey Decimal Classification
Suppress in OPAC No
Holdings
Withdrawn status Lost status Damaged status Not for loan Collection code Home library Current library Shelving location Date acquired Source of acquisition Total Checkouts Full call number Barcode Date last seen Price effective from Koha item type
        Non-fiction IFM Main Campus Library IFM Main Campus Library Special Reserve Collection 09/16/2021 Purchase   005.5BRA 0000027074 10/20/2015 02/19/2022 Books